000
00283nam a22001097a 4500
008
170120b xxu||||| |||| 00| 0 eng d
020
_a
9780323022019
041
_a
eng
080
_2
3RD
_a
618.2
245
_a
USING INTERETIONS & CLINICAL SKILLS
_c
ELKIN & PERRY & POTTER
942
_2
udc
_c
BK
999
_c
3240
_d
3240